000 00266nam a2200109 a 4500
005 20140414093832.0
008 970110s19uu xx 00 eng d
050 _aVHS 700
_bOR 24
245 _aHRW Videocassette Art Wokrs Level 1.
942 _cAVM
999 _c108768
_d108768